[Event "Komotini op"]
[Site "Komotini"]
[Date "1992.??.??"]
[Round "?"]
[White "Miles, Anthony J"]
[Black "Conquest, Stuart"]
[Result "1-0"]
[WhiteElo "2595"]
[BlackElo "2495"]

1.d4 e6 2.c4 f5 3.g3 Nf6 4.Bg2 Bb4+ 5.Nd2 O-O 6.Nf3 Qe8 7.O-O Nc6 8.d5 Nd8
9.Nd4 a6 10.a3 Bc5 11.N2b3 Ba7 12.Qc2 Nf7 13.Bd2 Kh8 14.Rad1 h6 15.Ba5 c5
16.dxe6 dxe6 17.Nf3 Bd7 18.Bc3 Ba4 19.Bxf6 gxf6 20.Qc3 Kg7 21.Rd3 Rd8 22.Nc1 Qe7
23.Nh4 Bb8 24.b3 Be8 25.Rfd1 Be5 26.Qd2 Rxd3 27.Nxd3 Bd6 28.Nf4 Bxf4 29.Qxf4 Rg8
30.e4 Ng5 31.exf5 e5 32.Qe3 Bh5 33.Rd5 Bf7 34.Qxc5 Re8 35.Qxe7 Rxe7 36.Rd3 b5
37.c5  1-0

[Event "Komotini op"]
[Site "Komotini"]
[Date "1992.??.??"]
[Round "?"]
[White "Miles, Anthony J"]
[Black "Tsorbatzoglou, Theodoros"]
[Result "1-0"]
[WhiteElo "2595"]
[BlackElo "2300"]

1.d4 Nf6 2.Nf3 g6 3.c3 Bg7 4.Bg5 O-O 5.Nbd2 d5 6.e3 Nbd7 7.b4 Qe8 8.Bf4 c6
9.Be2 Nh5 10.Bc7 f5 11.O-O Nhf6 12.Qb3 Kh8 13.b5 Ne4 14.bxc6 bxc6 15.Rab1 g5
16.Nxe4 fxe4 17.Nd2 e5 18.Qa3 Rf6 19.Bg4 Rh6 20.Rfc1 Nf8 21.Be2 Ng6 22.Nf1 Nh4
23.Bxe5 Bxe5 24.dxe5 g4 25.Ng3 Nf5 26.c4  1-0

[Event "Komotini op"]
[Site "Komotini"]
[Date "1992.??.??"]
[Round "?"]
[White "Georgiev, Kiril"]
[Black "Miles, Anthony J"]
[Result "1-0"]
[WhiteElo "2610"]
[BlackElo "2595"]

1.c4 c5 2.Nf3 Nc6 3.Nc3 Nd4 4.Ne5 g6 5.e3 Bg7 6.exd4 cxd4 7.Nxf7 Kxf7 8.Ne4 Nf6
9.Bd3 Rf8 10.O-O Rb8 11.Nxf6 Bxf6 12.Be4 b5 13.Qb3 Kg7 14.cxb5 a6 15.a4 axb5
16.a5 e6 17.d3 d5 18.Bf3 Be7 19.Bd2 b4 20.Bg4 Bd6 21.g3 Qf6 22.Qa4 Rf7 23.h4 Qd8
24.Bg5 Qf8 25.Rac1 h6 26.Bd2 Bd7 27.Qd1 Ra8 28.Ra1 Ra6 29.Qe1 Rf6 30.f4 Qb8
31.Kh2 Qb5 32.Qf2 e5 33.Bxd7 Qxd7 34.Qf3 exf4 35.gxf4 Rf5 36.Kg2 Qd8 37.Qf2 Qf6
38.Qg3 Kh7 39.Qg4 h5 40.Qg3 Qd8 41.Rfe1 Be7 42.Re5 Bf8 43.Qf3 Qd7 44.Be1 Qf7
45.Rxf5 Qxf5 46.Bf2 Bc5 47.Re1 Bd6 48.Bxd4 Rxa5 49.Re8 Bf8 50.Re5 Qg4+ 51.Qxg4 hxg4
52.Kg3 Kh6 53.Re6 Bg7 54.Bb6 Rb5 55.d4 Kh5 56.b3 Bf8 57.Bc5 Bxc5 58.Re5+ Kh6
59.Rxd5 Ra5 60.dxc5 Ra1 61.Kxg4 Rb1 62.c6 Rg1+ 63.Kf3 Rc1 64.Rd6 Kh5 65.Ke4 Rc3
66.f5  1-0

[Event "Kuala Lumpur op"]
[Site "Kuala Lumpur"]
[Date "1992.??.??"]
[Round "3"]
[White "Miles, Anthony J"]
[Black "Johansen, Darryl K"]
[Result "0-1"]
[WhiteElo "2565"]
[BlackElo "2485"]

1.d4 Nf6 2.Nf3 e6 3.c4 Bb4+ 4.Bd2 Qe7 5.Nc3 b6 6.g3 Bb7 7.Bg2 O-O 8.O-O d6
9.d5 Bxc3 10.Bxc3 exd5 11.Nd4 Qd7 12.Nc2 Ne4 13.Bd4 Qe6 14.cxd5 Qxd5 15.f3 Nc5
16.e4 Qc4 17.b3 Qd3 18.Qc1 Nc6 19.Rd1 Qe2 20.Bc3 a5 21.Rd2 Qa6 22.Ne3 Ne7
23.g4 f6 24.Bf1 b5 25.Nf5 Nc6 26.Kh1 Ne5 27.Bxe5 fxe5 28.a4 g6 29.Rg2 Qb6
30.Bxb5 Kh8 31.Qh6 Rf7 32.Rag1 d5 33.Qe3 dxe4 34.f4 gxf5 35.gxf5 exf4 36.Qd4+ Qf6
37.Qxc5 e3 38.Bc4  0-1

[Event "Kuala Lumpur op"]
[Site "Kuala Lumpur"]
[Date "1992.??.??"]
[Round "7"]
[White "Miles, Anthony J"]
[Black "Mohd, Kamal Abdullah"]
[Result "1-0"]
[WhiteElo "2565"]
[BlackElo "2205"]

1.d4 Nf6 2.Nf3 g6 3.c3 Bg7 4.Bg5 O-O 5.Nbd2 d5 6.e3 b6 7.Be2 Ba6 8.Bxa6 Nxa6
9.a4 c5 10.Qe2 Nc7 11.a5 Ne6 12.Bxf6 Bxf6 13.O-O Qc7 14.Qb5 Rfb8 15.Rfb1 a6
16.axb6 axb5 17.bxc7 Rc8 18.Rxa8 Rxa8 19.Ne1 cxd4 20.cxd4 Rc8 21.Nd3 Rxc7
22.Nb4 Rd7 23.Ra1 Nd8 24.Ra5 e5 25.dxe5 Bxe5 26.Nd3 Bf6 27.Rxb5 Ne6 28.Kf1 Kf8
29.Ke2 h5 30.b3 Bc3 31.Nf3 d4 32.e4 f6 33.Rb6 Re7 34.Kd1 Kf7 35.b4 g5 36.e5 f5
37.h4 g4 38.Ng5+ Nxg5 39.hxg5  1-0

[Event "Kuala Lumpur op"]
[Site "Kuala Lumpur"]
[Date "1992.??.??"]
[Round "8"]
[White "Hodgson, Julian M"]
[Black "Miles, Anthony J"]
[Result "0-1"]
[WhiteElo "2545"]
[BlackElo "2565"]

1.d4 Nf6 2.Bg5 e6 3.e4 h6 4.Bxf6 Qxf6 5.Nf3 d6 6.Nc3 Nd7 7.Qd2 a6 8.O-O-O Qd8
9.h4 b5 10.Bd3 Bb7 11.Kb1 c5 12.dxc5 Nxc5 13.Qe3 Qc7 14.Nd4 O-O-O 15.f4 Kb8
16.a3 h5 17.f5 Be7 18.fxe6 fxe6 19.Be2 Bf6 20.Rh3 Rc8 21.Rd2 Be5 22.Rf3 g6
23.b4 Nd7 24.Nd1 Nf6 25.Nf2 Qe7 26.Bd3 Rc3 27.Nb3 Rhc8 28.Re2 Qc7 29.Qd2 d5
30.exd5 Bxd5 31.Qg5 Nd7 32.Be4 Rxf3 33.gxf3 Bxb3  0-1

[Event "Kuala Lumpur op"]
[Site "Kuala Lumpur"]
[Date "1992.??.??"]
[Round "9"]
[White "Miles, Anthony J"]
[Black "Conquest, Stuart"]
[Result "1/2-1/2"]
[WhiteElo "2565"]
[BlackElo "2485"]

1.d4 Nf6 2.Nf3 g6 3.c3 Bg7 4.Bf4 b6 5.e3 Bb7 6.Nbd2 c5 7.Bd3 Nc6 8.O-O Nh5
9.Bg5 h6 10.Bh4 cxd4 11.cxd4 Rc8 12.a3 O-O 13.d5 Nb8 14.d6 Nf6 15.Nc4 Bd5
16.Qe2 Nc6 17.Rfd1 Be6 18.h3 b5 19.Ncd2 Nd5 20.Ne4 Qb6 21.Rac1 f5 22.Nc5 exd6
23.Nxe6 dxe6 24.Bxb5 Kh7 25.Bg3 Ne5 26.Nd4 Rxc1 27.Rxc1 Rb8 28.a4 Nc7 29.Bxe5 Bxe5
30.Nc6 Rf8 31.Nxe5 dxe5 32.Qd2 Rf7 33.Rc6 Qb7 34.Qd8 a6 35.Rd6  1/2-1/2

[Event "Melbourne Masters"]
[Site "Melbourne"]
[Date "1992.??.??"]
[Round "2"]
[White "Fuller, Maxwell L"]
[Black "Miles, Anthony J"]
[Result "1/2-1/2"]
[WhiteElo "2285"]
[BlackElo "2565"]

1.d4 d6 2.e4 Nf6 3.Bd3 Nc6 4.c3 e5 5.Nf3 g6 6.O-O Bg7 7.dxe5 Nxe5 8.Nxe5 dxe5
9.Na3 Be6 10.Qc2 O-O 11.Rd1 Qe7 12.Bc4 Bd7 13.Bg5 Rfd8 14.f3 b5 15.Bf1 a6
16.Qf2 Be6 17.Rxd8+ Rxd8 18.Nc2 h6 19.Be3 Bf8 20.a4 Bd7 21.axb5 axb5 22.Be2 Kh7
23.Ra6 Bc8  1/2-1/2

[Event "Melbourne Masters"]
[Site "Melbourne"]
[Date "1992.??.??"]
[Round "3"]
[White "Miles, Anthony J"]
[Black "Wohl, Aleksandar H"]
[Result "1-0"]
[WhiteElo "2565"]
[BlackElo "2280"]

1.c4 e5 2.Nc3 Nc6 3.Nf3 g6 4.d4 exd4 5.Nxd4 Bg7 6.Nxc6 bxc6 7.g3 Ne7 8.Bg2 O-O
9.O-O Rb8 10.Qa4 a6 11.Qa3 d6 12.c5 d5 13.Bf4 Nf5 14.Rad1 Nd4 15.Bc1 Qe7
16.e3 Ne6 17.e4 d4 18.Na4 Rb5 19.Bd2 Rd8 20.Rfe1 Bf8 21.Bf1 Ng5 22.Qd3 Bg4
23.Be2 Bxe2 24.Rxe2 Ne6 25.b4 a5 26.a3 axb4 27.axb4 Ra8 28.Nb2 Nxc5 29.bxc5 Rxb2
30.Bg5 Qxg5 31.Rxb2 Qxc5 32.Rc2 Ra3 33.Rxc5 Rxd3 34.Rxd3 Bxc5 35.Kf1 Bb6
36.Ra3 c5 37.Ra4 f5 38.exf5 gxf5 39.Ke2 Kf7 40.Kd3 Ke6 41.Kc4 Ke5 42.Ra3 Ke6
43.Rf3 h5 44.Ra3 Kf6 45.Ra8 Kg7 46.h4 f4 47.gxf4 Kg6 48.Rh8 Ba5 49.f5+ Kxf5
50.Rxh5+ Kg4 51.Rh8 Kf5 52.h5 Kf6 53.Rg8 Kf7 54.Rg4 Bd2 55.f4  1-0

[Event "Melbourne Masters"]
[Site "Melbourne"]
[Date "1992.??.??"]
[Round "4"]
[White "Miles, Anthony J"]
[Black "Levi, Eddy"]
[Result "1-0"]
[WhiteElo "2565"]
[BlackElo "2300"]

1.d4 Nf6 2.Nf3 c5 3.d5 g6 4.c4 d6 5.Nc3 Bg7 6.e4 O-O 7.h3 a6 8.a4 e6 9.Bd3 exd5
10.cxd5 Re8 11.O-O b6 12.Bf4 Bb7 13.Re1 Ra7 14.Nd2 Ba8 15.Nc4 Bf8 16.Qf3 Nh5
17.Bh2 f6 18.Reb1 Rf7 19.b4 Nd7 20.Nxd6 Bxd6 21.Bxd6 Ne5 22.Bxe5 fxe5 23.Qe3 Ref8
24.Ra2 Nf4 25.bxc5 bxc5 26.Rab2 Qh4 27.Bf1 g5 28.Qg3 Qh6 29.Rb8 a5 30.R1b6 Qg7
31.Bc4 Bb7 32.Rxf8+ Rxf8 33.d6+ Kh8 34.d7 Qxd7 35.Qxg5 Qd4 36.Rf6 Rd8 37.Rg6  1-0

[Event "Melbourne Masters"]
[Site "Melbourne"]
[Date "1992.??.??"]
[Round "5"]
[White "Solomon, Stephen J"]
[Black "Miles, Anthony J"]
[Result "0-1"]
[WhiteElo "2445"]
[BlackElo "2565"]

1.e4 b6 2.d4 Bb7 3.Bd3 e6 4.Nf3 c5 5.c3 Nf6 6.Qe2 Be7 7.Nbd2 cxd4 8.cxd4 d5
9.e5 Nfd7 10.a3 a5 11.Nb1 Ba6 12.Nc3 Bxd3 13.Qxd3 Nc6 14.h4 Na7 15.Ng5 Rc8
16.Rh3 Nf8 17.Nb5 Nxb5 18.Qxb5+ Nd7 19.Rf3 O-O 20.Qd3 Bxg5 21.hxg5 Qc7 22.Bd2 Qc4
23.Qe3 Qc2 24.Bc3 Rc7 25.Rc1 Qg6 26.Rh3 Rfc8 27.a4 Rc4 28.b3 R4c7 29.f4 Nb8
30.Kf2 Na6 31.g4 Nb4 32.Qd2 Rc6 33.Rf3 h6 34.gxh6 Qxh6 35.Kg3 g6 36.g5 Qh5
37.Qg2 Kg7 38.Rh1 Qxf3+ 39.Kxf3 Rxc3+ 40.Kg4 Nc2 41.Qg1 Ne3+ 42.Kf3 Nf5+
43.Kg4 Rg3+ 44.Qxg3 Nxg3 45.Kxg3 Rc3+ 46.Kf2 Rxb3 47.Ke2 Rb4 48.Kd3 Rxa4
49.Rb1 Rb4 50.Rxb4 axb4 51.Kc2 Kf8 52.Kb3 Ke7 53.Ka4 Kd7 54.Kb3 Kc7 55.Kxb4 Kb8
56.Ka4 Ka7 57.Kb5 Kb7 58.Ka4 Ka6 59.Kb4 b5 60.Kc5 Ka5 61.Kd6 b4 62.f5 gxf5
63.Ke7 b3 64.Kxf7 b2 65.g6 b1=Q 66.Kxe6 f4  0-1

[Event "Melbourne Masters"]
[Site "Melbourne"]
[Date "1992.??.??"]
[Round "7"]
[White "Canfell, Gregory"]
[Black "Miles, Anthony J"]
[Result "0-1"]
[WhiteElo "2315"]
[BlackElo "2565"]

1.e4 b6 2.d4 Bb7 3.Bd3 e6 4.Nf3 c5 5.c3 Nf6 6.Qe2 Be7 7.e5 Nd5 8.a3 cxd4
9.cxd4 Qc8 10.O-O Ba6 11.Bg5 Bxg5 12.Bxa6 Qxa6 13.Qxa6 Nxa6 14.Nxg5 Rc8 15.Nd2 Ke7
16.Rfc1 Nf4 17.Kf1 Nd3 18.Rxc8 Rxc8 19.b3 Rc2 20.Ngf3 Nc7 21.Ke2 Nf4+ 22.Kd1 Rc3
23.g3 Nd3 24.Rb1 Nb5 25.a4 Na3 26.Ra1 Nc2 27.Rb1 Nxf2+ 28.Ke2 Nh3 29.Nc4 Nb4
30.Ne1 Ng5 31.Nd2 Nd5 32.Nd3 Rc2 33.Rb2 Rc6 34.Ne1 Rc3 35.Nd3 f5 36.exf6+ gxf6
37.h4 Nf7 38.Ne4 Rc8 39.g4 Nd6 40.Nef2 h5  0-1

[Event "Melbourne Masters"]
[Site "Melbourne"]
[Date "1992.??.??"]
[Round "8"]
[White "Miles, Anthony J"]
[Black "Kagan, Issay"]
[Result "1-0"]
[WhiteElo "2565"]
[BlackElo "2380"]

1.c4 c5 2.g3 Nc6 3.Bg2 g6 4.Nc3 Bg7 5.Nf3 e5 6.a3 a5 7.d4 cxd4 8.Nb5 d5 9.cxd5 Na7
10.Nxa7 Rxa7 11.e3 Qxd5 12.O-O Bg4 13.Nxd4 Qxg2+ 14.Kxg2 Bxd1 15.Nb5 Be2
16.Nxa7 Bxf1+ 17.Kxf1 Nf6 18.Bd2 Kd7 19.Rc1 Ra8 20.Nb5 Ne8 21.e4 Bf8 22.Ke2 Ra6
23.Rc4 Be7 24.Rc3 f5 25.f3 h5 26.Rd3+ Ke6 27.Rd5 a4 28.Bc3 Bf6 29.Bb4 Rc6
30.Nc3 Bg5 31.Rc5 Rxc5 32.Bxc5 fxe4 33.fxe4 Bc1 34.Nxa4 Nf6 35.Kd3 Ng4 36.h3 Nf6
37.Bb4 Nd7 38.b3 Bg5 39.Nc5+ Nxc5+ 40.Bxc5 Kd7 41.Kc4 Kc6 42.a4  1-0

[Event "Oostende op"]
[Site "Oostende"]
[Date "1992.??.??"]
[Round "1"]
[White "Miles, Anthony J"]
[Black "Lauterbach, Ingrid"]
[Result "1-0"]
[WhiteElo "2595"]
[BlackElo "2125"]

1.d4 d6 2.e4 Nf6 3.Nc3 g6 4.Nf3 Bg7 5.Be2 O-O 6.O-O c6 7.Bg5 Qa5 8.Qc1 Bg4
9.h3 Bxf3 10.Bxf3 Nbd7 11.a4 e5 12.dxe5 Nxe5 13.Be2 d5 14.f4 Nc4 15.e5 Qc5+
16.Kh1 Nd7 17.Bh4 Qb4 18.Be1 Qc5 19.Bf2 Qb4 20.a5 b5 21.Ra2 Bh6 22.Qe1 Bxf4
23.Nxd5 Qxe1 24.Ne7+ Kg7 25.Bxe1 Bxe5 26.Nxc6 Bf6 27.a6 Rfe8 28.Bf3 Ne3 29.Rg1 Nxc2
30.Bf2 Nb6 31.Nxa7 Nb4 32.Bxa8 Rxa8 33.Ra5 Nc4 34.Rxb5 Nd3 35.Bc5 Ncxb2 36.Nc6 Nxc5
37.a7 Ne4 38.Rb1 Nd3 39.Rb8 Rxa7 40.Nxa7 Ndf2+ 41.Kg1 Nxh3+ 42.gxh3 Bd4+
43.Kg2 Bxa7 44.R8b7 Bd4 45.R7b4 Nc3 46.Rxd4 Nxb1 47.Rd3 f5 48.Kf3 g5 49.Ke2 Kh6
50.Rb3 Kh5 51.Rxb1 Kh4 52.Kf3  1-0

[Event "Oostende op"]
[Site "Oostende"]
[Date "1992.??.??"]
[Round "2"]
[White "Ploetz, Werner"]
[Black "Miles, Anthony J"]
[Result "1/2-1/2"]
[WhiteElo "2245"]
[BlackElo "2595"]

1.e4 b6 2.d4 Bb7 3.Bd3 e6 4.Nf3 c5 5.c3 Nf6 6.Nbd2 Be7 7.O-O cxd4 8.cxd4 Ba6
9.Bxa6 Nxa6 10.Re1 O-O 11.Nf1 d5 12.e5 Ne4 13.N3d2 Nxd2 14.Bxd2 Qd7 15.Qe2 Nb4
16.Bxb4 Bxb4 17.Rec1 Rfc8 18.a3 Be7 19.Qd2 Rc4 20.Ne3 Bg5 21.g3 Bxe3 22.fxe3 Rac8
23.Rxc4 dxc4 24.e4 Qc7 25.Kg2 c3 26.bxc3 Qxc3 27.Qxc3 Rxc3 28.d5 Kf8 29.a4 Ke8
30.a5 b5 31.a6 Rc5 32.Rd1 b4 33.Rb1 Rb5 34.Kf3 Kd7 35.Ke3 exd5 36.exd5 Rxd5
37.Rxb4 Rxe5+ 38.Kf4 Kd6 39.Rb7 Re7 40.Rb8 Rc7 41.h4 h5 42.Kg5 Rc5+ 43.Kf4 g6
44.Rb7 Rc7 45.Rb8 Rc4+ 46.Kg5 Rc3 47.Rb7 Rxg3+ 48.Kf6 Rf3+ 49.Kg7 f5 50.Rxa7 Ra3
51.Kxg6 Ke5 52.Kg5 Ke4 53.Re7+ Kf3 54.Rf7 Rxa6 55.Rxf5+ Ke4 56.Rb5 Rc6 57.Ra5 Rb6
58.Kxh5 Kf4 59.Ra4+  1/2-1/2

[Event "Oostende op"]
[Site "Oostende"]
[Date "1992.??.??"]
[Round "4"]
[White "De Wit, Michel"]
[Black "Miles, Anthony J"]
[Result "0-1"]
[WhiteElo "2305"]
[BlackElo "2595"]

1.e4 Nc6 2.Nf3 d6 3.d4 Nf6 4.Nc3 Bg4 5.Be2 e6 6.Be3 Be7 7.h3 Bh5 8.Nd2 Bg6
9.O-O d5 10.e5 Nd7 11.f4 Nb4 12.Rc1 c5 13.dxc5 Nxe5 14.fxe5 d4 15.Nde4 dxc3
16.Nxc3 Qb8 17.Qd4 Nc6 18.Bb5 O-O 19.Bxc6 bxc6 20.b3 Qc7 21.Ne2 Rad8 22.Qc3 Rd7
23.Rcd1 Rfd8 24.Rxd7 Rxd7 25.b4 Qd8 26.a4 a6 27.Qc4 Bg5 28.Bd4 Bd2 29.Bf2 h6
30.Nd4 Qc8 31.Nf3 Bg5 32.Re1 Be7 33.Nd4 Rd5 34.Qe2 Qd7 35.Nb3 Bg5 36.Qxa6 Bxc2
37.Qc4 Bd3 38.Qc3 Bf4 39.Bd4 Bg6 40.Qc4 Qd8 41.b5 Qh4 42.Qc3 Bd3 43.Bf2 Qg5
44.b6 Ba6 45.Bd4 f6 46.exf6 e5 47.Be3 Qg3 48.Bd4 exd4 49.Qxg3 Bxg3 50.Re8+ Kf7
51.fxg7 Kxg7 52.Ra8 Re5  0-1

[Event "Oostende op"]
[Site "Oostende"]
[Date "1992.??.??"]
[Round "6"]
[White "Sadler, Matthew"]
[Black "Miles, Anthony J"]
[Result "1/2-1/2"]
[WhiteElo "2515"]
[BlackElo "2595"]

1.d4 e6 2.c4 Bb4+ 3.Nc3 c5 4.e3 Bxc3+ 5.bxc3 d6 6.Bd3 e5 7.e4 Nc6 8.Ne2 Nge7
9.Be3 O-O 10.O-O f5 11.f4 exd4 12.cxd4 fxe4 13.Bxe4 Bf5 14.Bxc6 Nxc6 15.dxc5 Qe7
16.Bf2 dxc5 17.Qd5+ Rf7 18.Ng3 Be6 19.Qe4 Re8 20.Rfe1 Qf8 21.f5 Bd7 22.Qd5 b6
23.Rxe8 Bxe8 24.a3 Kh8 25.Re1 Re7 26.Re6 Rc7 27.Qd6 Rf7 28.Qd5 Na5 29.h3 Qg8
30.Be1 Rd7 31.Qe4 Bf7 32.Re7 Rxe7 33.Qxe7 Nc6 34.Qc7 Qe8 35.Bc3 Nd4 36.Kh1 Bg8
37.f6 gxf6 38.Nf5 Qf7 39.Qxf7 Bxf7 40.Nxd4  1/2-1/2

[Event "Oostende op"]
[Site "Oostende"]
[Date "1992.??.??"]
[Round "9"]
[White "Miles, Anthony J"]
[Black "Eingorn, Vereslav S"]
[Result "1/2-1/2"]
[WhiteElo "2595"]
[BlackElo "2590"]

1.d4 e6 2.c4 Bb4+ 3.Nd2 c5 4.a3 Bxd2+ 5.Qxd2 cxd4 6.Nf3 Nf6 7.Nxd4 O-O 8.e3 d5
9.cxd5 Qxd5 10.Nf3 b6 11.Qxd5 Nxd5 12.Nd4 Rd8 13.Bc4 Ba6 14.Bxa6 Nxa6 15.b4 Rac8
16.O-O Nb8 17.Bb2 Nc6 18.Nb3 f6 19.Rfd1 Kf7 20.Kf1 Nce7 21.Rd2 Rc4 22.Rc1 Rxc1+
23.Bxc1 Rc8 24.e4 Rc3 25.exd5 Rxb3 26.dxe6+ Kxe6 27.Ke2 Nc6 28.Kd1 Rc3 29.Re2+ Kd7
30.Bb2 Rd3+ 31.Kc2 Rd5 32.Re4 Rg5 33.g4 f5 34.h4 Rxg4 35.Rxg4 fxg4 36.Bxg7 Ne7
37.h5 Nf5 38.Bc3 Ke6 39.Kd3 b5 40.Ke4 g3 41.Kf3 gxf2 42.Kxf2 Ne7 43.Bd2 Nd5
44.Kg3 Nf6 45.Kh4 Kf5 46.Be3 a6 47.Bd4  1/2-1/2

[Event "Tilburg"]
[Site "Tilburg"]
[Date "1992.??.??"]
[Round "1"]
[White "Dorfman, Josif D"]
[Black "Miles, Anthony J"]
[Result "0-1"]
[WhiteElo "2610"]
[BlackElo "2595"]

1.d4 e6 2.e4 b6 3.Nf3 Bb7 4.Bd3 c5 5.c3 Nf6 6.Qe2 Be7 7.O-O Nc6 8.a3 Na5
9.Nbd2 c4 10.Bc2 Qc7 11.Ne5 b5 12.f4 O-O 13.Ng4 Nxg4 14.Qxg4 Nb3 15.Bxb3 cxb3
16.f5 exf5 17.exf5 Bd6 18.Ne4 Bxe4 19.Qxe4 Bxh2+ 20.Kh1 Rae8 21.Qf3 Qg3 22.a4 Qxf3
23.Rxf3 Bd6 24.Be3 g5 25.g4 Re4 26.axb5 Rfe8 27.Bxg5 Re2 28.Kg1 Rxb2 29.Rf2 Ree2
30.b6 Rxf2 31.bxa7 Rg2+ 32.Kf1 Rbf2+ 33.Ke1 Rg1+  0-1

[Event "Tilburg"]
[Site "Tilburg"]
[Date "1992.??.??"]
[Round "2"]
[White "Miles, Anthony J"]
[Black "Dorfman, Josif D"]
[Result "1/2-1/2"]
[WhiteElo "2595"]
[BlackElo "2610"]

1.d4 Nf6 2.Nf3 e6 3.c4 d5 4.e3 Nbd7 5.b3 Ne4 6.Bd3 Bb4+ 7.Nbd2 f5 8.O-O O-O
9.Bb2 Qf6 10.Qc1 c6 11.Ba3 Bxa3 12.Qxa3 b6 13.Qb2 Bb7 14.b4 Rfd8 15.Rab1 Nxd2
16.Qxd2 c5 17.cxd5 Bxd5 18.Be2 cxb4 19.Rxb4 Rac8 20.Rc1 Qf8 21.Rb2 Nc5 22.Qb4 a5
23.Qe1 Ne4 24.Rbc2 Rxc2 25.Rxc2 Rc8 26.Qc1 Nd6 27.Ne5 Rxc2 28.Qxc2 Qc8 29.Qb2 Qc7
30.f3 h6 31.h3 Kh7 32.Kf2 Kg8 33.Ng6 Kf7 34.Nf4 Bc4 35.Bxc4 Nxc4 36.Qc2 b5
37.a4 Qd7 38.Qb3 Nb6 39.axb5 Qd6 40.Qc3 a4 41.Nd3 a3 42.Nb4 f4 43.Qxa3 fxe3+
44.Ke2 Qxd4 45.Qxe3 Qc4+ 46.Kf2 Qxb5 47.Qf4+ Kg8 48.Qd6 Kh8 49.Nc6 Qb2+ 50.Kg3 Nd5
51.Qb8+  1/2-1/2

[Event "Tilburg"]
[Site "Tilburg"]
[Date "1992.??.??"]
[Round "2"]
[White "Nogueiras, Jesus"]
[Black "Miles, Anthony J"]
[Result "1/2-1/2"]
[WhiteElo "2570"]
[BlackElo "2595"]

1.d4 Nf6 2.Nf3 c5 3.e3 cxd4 4.exd4 g6 5.Bd3 Bg7 6.O-O O-O 7.c3 d6 8.Bg5 Nc6
9.Nbd2 h6 10.Bh4 e5 11.dxe5 dxe5 12.Qc2 Qc7 13.Bxf6 Bxf6 14.Bc4 Kg7 15.Rfe1 Bf5
16.Bd3 Nb4 17.cxb4 Qxc2 18.Bxc2 Bxc2 19.Nxe5 Rfe8 20.f4 g5 21.Rac1 Rac8 22.Ndc4 Bxe5
23.Rxe5 Ba4 24.b3 Rxe5 25.fxe5 Bd7 26.a4 Be6 27.Kf2 Kg6 28.Ke3 h5 29.g3 b6
30.b5 Rc5 31.Kd4 h4 32.gxh4 g4 33.Rf1 Kh5 34.Rf6 Kxh4 35.Nd6 Rc7 36.Ne4 Kh3
37.Ng5+ Kxh2 38.Nxe6 fxe6 39.Rxe6 Rh7 40.Rg6 g3 41.e6 g2 42.Kd5 g1=Q 43.Rxg1 Kxg1
44.Kd6 Kf2 45.e7 Rh8 46.Kc7 Ke3 47.Kb7 Kd4 48.Kxa7 Kc5 49.b4+ Kd6 50.a5 bxa5
51.bxa5 Kc7 52.b6+ Kc6 53.b7 Kc7 54.e8=Q Rxe8 55.a6 Rb8  1/2-1/2

[Event "Aegina op"]
[Site "Aegina"]
[Date "1993.??.??"]
[Round "2"]
[White "Nikolaidis, Konstantinos"]
[Black "Miles, Anthony J"]
[Result "1/2-1/2"]
[WhiteElo "2275"]
[BlackElo "2570"]

1.e4 Nf6 2.e5 Nd5 3.d4 d6 4.Nf3 g6 5.Bc4 c6 6.O-O Bg7 7.Re1 O-O 8.Bb3 dxe5
9.dxe5 Bg4 10.Nbd2 a5 11.a3 a4 12.Bc4 Nd7 13.h3 Bxf3 14.Nxf3 N5b6 15.Qe2 Nxc4
16.Qxc4 e6 17.Bg5 Qc7 18.Qe4 Ra5 19.Be7 Rfa8 20.Bb4 R5a6 21.Rad1 c5 22.Bc3 Nb6
23.Nh2 Nd5 24.Bd2 c4 25.c3 Ra5 26.Bc1 Ne7 27.Ng4 Nd5 28.Bh6 Bxh6 29.Nxh6+ Kg7
30.Ng4 Rb5 31.Re2 h5 32.Ne3 Nxe3 33.Qxe3 Raa5 34.Rde1 Rd5 35.Qf4 Ra8 36.Re4 b5
37.Qf6+ Kg8 38.Rf4 Rad8 39.Re3 Rd3 40.Ree4 R8d7 41.Qg5 Qd8 42.Rf6 Qf8 43.Re2 Qg7
44.Kh2 Rd1 45.Qe3 R7d5 46.Qg5 R5d3 47.Rf4 Rb1 48.Rf6 Rf1 49.Rf4 Qf8 50.Rf6 Kg7
51.Re4 Rd7 52.Rh4 Qh8 53.Rff4 Rfd1 54.g4 Qa8 55.Qf6+ Kg8 56.Rf3 Qe4 57.gxh5 Qe1
58.Rg4 Qh1+  1/2-1/2

[Event "Aegina op"]
[Site "Aegina"]
[Date "1993.??.??"]
[Round "7"]
[White "Miles, Anthony J"]
[Black "Anastasian, Ashot"]
[Result "1/2-1/2"]
[WhiteElo "2570"]
[BlackElo "2470"]

1.d4 Nf6 2.Nf3 e6 3.c4 b6 4.Nc3 Bb7 5.a3 d5 6.Bg5 Be7 7.e3 O-O 8.Rc1 dxc4
9.Bxc4 Nbd7 10.O-O c5 11.Qe2 h6 12.Bh4 Ne4 13.Nxe4 Bxh4 14.Nd6 Bxf3 15.Qxf3 cxd4
16.exd4 Nf6 17.Qc6 Ne8 18.Nxe8 Rxe8 19.Rfd1 Rc8 20.Qe4 Bf6 21.Rc2 Re7 22.b3 g6
23.Rcd2 Qd6 24.a4 Rd8 25.Rd3 Bg7 26.h4 a5 27.h5 g5 28.Qf3 Qf4 29.Qxf4 gxf4
30.d5 exd5 31.Bxd5 Kf8 32.Bc4 Rxd3 33.Rxd3 Re1+ 34.Kh2 Ke7 35.Bb5 Re5 36.Rd7+ Kf8
37.Kh3 Rxh5+ 38.Kg4 Rg5+ 39.Kf3 Bc3 40.Bc4 Rf5 41.Rd6 Rf6 42.Rxf6 Bxf6  1/2-1/2

[Event "Aegina op"]
[Site "Aegina"]
[Date "1993.??.??"]
[Round "8"]
[White "Djuric, Stefan"]
[Black "Miles, Anthony J"]
[Result "1-0"]
[WhiteElo "2485"]
[BlackElo "2570"]

1.e4 Nf6 2.e5 Nd5 3.d4 d6 4.c4 Nb6 5.exd6 exd6 6.Nc3 Be7 7.Bd3 Nc6 8.Nge2 O-O
9.O-O Bg4 10.f3 Bh5 11.Nf4 Bg6 12.Bxg6 hxg6 13.d5 Ne5 14.b3 Qd7 15.a4 a5
16.Ra2 Qf5 17.g4 Qc8 18.Ng2 c6 19.Be3 Qc7 20.f4 Ned7 21.g5 Rfe8 22.Rd2 Bf8
23.Qf3 Nc5 24.Bxc5 dxc5 25.Ne3 Nc8 26.f5 Qe7 27.Ng4 Nd6 28.f6 Qc7 29.dxc6 bxc6
30.Qg3 Re6 31.Rd3 Rd8 32.Rfd1 Qb6 33.fxg7 Kxg7 34.Qh3 Kg8 35.Ne4 Nxe4 36.Rxd8 Nxg5
37.Rxf8+ Kxf8 38.Qh6+ Kg8 39.Qxg5 Qxb3 40.Rd8+ Kg7 41.Qh6+  1-0

[Event "Aegina op"]
[Site "Aegina"]
[Date "1993.??.??"]
[Round "9"]
[White "Miles, Anthony J"]
[Black "Sirigos, Nikolaos"]
[Result "1-0"]
[WhiteElo "2570"]
[BlackElo "2295"]

1.d4 Nf6 2.Nf3 g6 3.c3 Bg7 4.Bg5 O-O 5.Nbd2 d6 6.e4 c5 7.dxc5 dxc5 8.Bc4 Nfd7
9.O-O Nc6 10.Be3 Qc7 11.Be2 b6 12.h3 Bb7 13.Qc2 Rad8 14.Rad1 Qc8 15.a4 Na5
16.Bf4 c4 17.Bg5 f6 18.Be3 e5 19.Nxc4 Nxc4 20.Qb3 Bxe4 21.Nd2 Kh8 22.Qxc4 Qxc4
23.Nxc4 f5 24.Bg5 Nf6 25.Rxd8 Rxd8 26.Nxe5 Bd5 27.Bb5 Rf8 28.Rd1 Bb3 29.Re1 a6
30.Nd7 Rf7 31.Nxf6 Bxf6 32.Bh6 Re7 33.Rxe7 Bxe7 34.Bxa6 Bxa4 35.Bc4 Bf6 36.Be6 Bc6
37.Kf1 Be4 38.g3 Bd3+ 39.Ke1 b5 40.Kd2 Bf1 41.h4 Bc4 42.Bxc4 bxc4 43.Kc2 Kg8
44.b3 cxb3+ 45.Kxb3 Kf7 46.Kb4 Ke6 47.c4 Kd7 48.Kb5 Be5 49.Bf4 Bd4 50.Be3 Bf6
51.c5 Bg7 52.Kb6  1-0

[Event "Beijing op"]
[Site "Beijing"]
[Date "1993.??.??"]
[Round "1"]
[White "Wang Pin"]
[Black "Miles, Anthony J"]
[Result "0-1"]
[WhiteElo "2335"]
[BlackElo "2565"]

1.e4 Nc6 2.Nf3 d6 3.d4 Nf6 4.Nc3 Bg4 5.Be3 e6 6.Be2 Be7 7.O-O O-O 8.h3 Bh5
9.d5 exd5 10.exd5 Bxf3 11.Bxf3 Ne5 12.Be2 Re8 13.a4 a6 14.a5 Nfd7 15.Ra4 Nc5
16.Rb4 Rb8 17.Qa1 Ned7 18.Na4 Bg5 19.Bxg5 Qxg5 20.Rg4 Qxd5 21.b4 Ne6 22.Nc3 Qd2
23.Rd1 Qh6 24.Nd5 Ne5 25.Re4 c6 26.Ne3 Qg6 27.Bd3 Nxd3 28.Rg4 Qh5 29.Rxd3 f5
30.Rc4 d5  0-1

[Event "Beijing op"]
[Site "Beijing"]
[Date "1993.??.??"]
[Round "2"]
[White "Miles, Anthony J"]
[Black "Tong Yuanming"]
[Result "1-0"]
[WhiteElo "2565"]
[BlackElo "2355"]

1.d4 Nf6 2.Nf3 e6 3.c4 Bb4+ 4.Bd2 Qe7 5.Nc3 Bxc3 6.Bxc3 Ne4 7.Rc1 O-O 8.g3 d6
9.Bg2 Nc6 10.d5 Nd8 11.O-O e5 12.Be1 f5 13.Nd2 Nf6 14.c5 Nf7 15.cxd6 cxd6
16.Nc4 f4 17.Qd3 Bg4 18.Bb4 e4 19.Qd1 Qd7 20.gxf4 Nh5 21.Bd2 Nh6 22.Rc3 Nxf4
23.Bxf4 Rxf4 24.Qd2 Rf6 25.Rg3 Bf5 26.Ne3 Raf8 27.Qd4 b6 28.Bxe4 Bxe4 29.Qxe4 Qb5
30.Qe7 R8f7 31.Qd8+ Rf8 32.Qc7 R8f7 33.Qb8+ Rf8 34.Qxa7 R6f7 35.Qa3 Qxe2
36.Rg2 Rf6 37.Qa7 Nf7 38.Qxb6 Ne5 39.f4 Qd3 40.Qb3 Qe4 41.f5 h5 42.Rgf2 g5
43.h3 R8f7 44.Qc3 Kh7 45.b3 Rg7 46.Kh2 Qh4 47.Ng2 Qe4 48.Qd2 Rh6 49.f6 Rf7
50.Qxg5 Rg6 51.Qf5 Qxd5 52.Qxh5+ Kg8 53.Nf4  1-0

[Event "Beijing op"]
[Site "Beijing"]
[Date "1993.??.??"]
[Round "6"]
[White "Miles, Anthony J"]
[Black "Qian Jifu"]
[Result "1-0"]
[WhiteElo "2565"]
[BlackElo "2240"]

1.d4 d5 2.c4 c6 3.Bf4 Nf6 4.e3 Bf5 5.Nc3 e6 6.Qb3 Qb6 7.c5 Qxb3 8.axb3 Nbd7
9.h3 Be7 10.b4 O-O 11.b5 e5 12.Bh2 exd4 13.exd4 Rfe8 14.Be2 Ne4 15.bxc6 bxc6
16.Nd1 a5 17.Nf3 Ng5 18.Ne3 Nxf3+ 19.Bxf3 Bf6 20.Kd2 Be4 21.Ra4 Bxf3 22.gxf3 Nf8
23.Ng4 Re6 24.Rha1 Rae8 25.Nxf6+ Rxf6 26.R1a3 Ne6 27.Re3 Rc8 28.Be5 Rf5 29.h4 h5
30.f4 Kh7 31.Rxa5 f6 32.Bd6 Nxd4 33.Ra7 Nb5 34.Rb7 d4 35.Rg3 Rg8 36.Bf8 Rxf4
37.Bxg7 Rg4 38.Rxg4 hxg4 39.Bxf6+ Kg6 40.Be5 Kf5 41.Rg7 Ra8 42.Rg5+ Ke6 43.h5 Ra1
44.h6 Rh1 45.Bg7 Rh2 46.Ke2 Rh4 47.Re5+ Kf7 48.Re4 Kg6 49.Re6+ Kh7 50.Rxc6 Rh3
51.Be5 Rh1 52.Rb6 Rh5 53.Rb7+ Kg6 54.Bg3  1-0

[Event "Beijing op"]
[Site "Beijing"]
[Date "1993.??.??"]
[Round "7"]
[White "Ye Jiangchuan"]
[Black "Miles, Anthony J"]
[Result "1/2-1/2"]
[WhiteElo "2535"]
[BlackElo "2565"]

1.e4 Nf6 2.e5 Nd5 3.d4 d6 4.Nf3 c6 5.c4 Nc7 6.Be2 Bg4 7.exd6 exd6 8.d5 c5
9.Nc3 Be7 10.O-O O-O 11.Re1 Nd7 12.Bf4 Re8 13.h3 Bh5 14.Nd2 Bg6 15.Nde4 Nf6
16.Ng3 Bf8 17.Qd2 Nd7 18.Bd3 Rxe1+ 19.Rxe1 Nf6 20.Bxg6 hxg6 21.a4 Qd7 22.b3 Re8
23.Rxe8  1/2-1/2